000 nam a22 7a 4500
999 _c49539
_d49539
003 OSt
005 20200122103056.0
008 200122b xxu||||| |||| 00| 0 eng d
040 _cIIMT UNIVERISTY MEERUT
_dSEROSOFT
082 _a545VAR
100 _aARORA VARUN
245 _aPHARMACEUTICAL ORGANIC CHEMISTRY -I
260 _aS.VIKAS AND COMPANY
_bED.2020
300 _aPAPER BACK
_b396PP
700 _aVARUN ARORA
760 _bED.2020
856 _3PAPER BACK
887 _2TITLE
942 _2ddc
_c01
_eED.2020
_h545VAR